000 00502nam a2200181Ia 4500
003 GCL
008 140319s9999 xx 000 0 eng d
040 _aGCL /
_cGCL
082 0 4 _a621.3678
_bV S
100 1 _aVERBYLA, DAVID L
245 1 0 _aSATELLITE REMOTE SENSING OF NATURAL RESOURCES /
_cVERBYLA, DAVID L
260 _a[S.N] :
_bLEURS PUBLISHERS ،
_c1995
300 _a198 P
650 0 4 _aAPPLIED PHYSICS
650 0 4 _aREMOTE SENSING
650 0 4 _aREMOTE SENSING TECHNOLOGY
942 _2ddc
_cBK
999 _c13318
_d13318